| 000 | 00551nam a2200169Ia 4500 | ||
|---|---|---|---|
| 999 |
_c14520 _d14520 |
||
| 003 | OSt | ||
| 005 | 20201027110702.0 | ||
| 008 | 190216s9999||||xx |||||||||||||| ||und|| | ||
| 040 | _coclc | ||
| 082 |
_a823.91408 _bFRA/R |
||
| 100 |
_aFrancis, Dick _95850 |
||
| 245 | 0 |
_aReader's Digest Select Editions / _cDick Francis ; Felix Francis ; William Kent Krueger ; Susan Hill ; Alison Booth |
|
| 260 |
_bSydney , _c2007. _aSingapore: |
||
| 300 | _a589p | ||
| 650 | _aEnglish | ||
| 942 |
_cBK _2ddc _h823.91408 _iFRA/R _k823.91408 _mFRA/R |
||